Guess the Taylor Swift Song (Debut) 1 - Statistics

General Stats
  • This quiz has been taken 12 times
  • The average score is 297 of 370
Answer Stats
Answer % Correct
a
100%
an
100%
And
100%
and
100%
got
100%
Got
100%
He
100%
he
100%
his
100%
I
100%
In
100%
it
100%
my
100%
of
100%
Our
100%
our
100%
said,
100%
said
100%
song"
100%
song
100%
the
100%
The
100%
was
100%
with
100%
you
100%
as
88%
car
88%
Cause
88%
didn't
88%
don't
88%
for
88%
fore
88%
front
88%
have
88%
have"
88%
home,
88%
if
88%
is
88%
it's
88%
kiss
88%
know
88%
look
88%
on
88%
out
88%
play
88%
seat
88%
should
88%
talk
88%
we
88%
we're
88%
When
88%
when
88%
your
88%
again
75%
again,
75%
could
75%
door
75%
down
75%
first
75%
hair
75%
heart
75%
her,
75%
her
75%
him,
75%
just
75%
late,
75%
laugh
75%
"Man,
75%
"Nothing,
75%
real
75%
ridin'
75%
say,
75%
says,
75%
says
75%
shotgun
75%
slow
75%
something
75%
to
75%
undone
75%
way
75%
after
63%
all
63%
Amen
63%
Askin'
63%
Asking
63%
"Baby,
63%
date,
63%
day
63%
every
63%
everything
63%
God
63%
good
63%
He's
63%
how
63%
mama
63%
old
63%
phone,
63%
screen
63%
slamming
63%
Sneakin'
63%
talks
63%
tapping
63%
that
63%
That
63%
thinkin'
63%
turn
63%
up
63%
window
63%
around,
50%
been
50%
come
50%
gone
50%
I've
50%
laughs
50%
Oh,
50%
oh
50%
other
50%
wheel
50%
wrong?"
50%
wrong
50%
wrote
50%
yeah
50%
almost
38%
away
38%
bed
38%
feel
38%
grabbed
38%
Had
38%
heard
38%
lost
38%
napkin
38%
note
38%
notice
38%
one-hand
38%
pen
38%
radio
38%
roses
38%
steering
38%
walkin'
38%
album,
25%
along
25%
listened
25%
lovin'
25%
porch
25%
steps
25%
trampled
25%
Waited
25%
well
25%
hallway,
13%
thrown
13%
No matching quizzes found
Score Distribution
Percent of People with Each Score
Percentile by Number Answered
Your Score History
You have not taken this quiz